000 00910nam a22002177a 4500
005 20171129124004.0
010 _aUR-9880
020 6 _c115.00
035 _aU-8435
037 _bDBAD/PUB
082 _a270
100 _aمو لا نا محمد یو سف ا سلا حی
245 _aآ د ا ب ز ند گی
_cمو لا نا محمد یو سف ا سلا حی
246 _b
_aAadab-e-Zindagi
250 _aby Moulana Mohd. Yusuf Islahi
260 _a نئی د لی
_bMerkazi Maktaba Islami Publishers
_c2016
270 _aD307,Dawat Nagar,Abul Fazal Enclave,Jamia Nagar ,
_b New Delhi
_e110025
_k01126971652
_l-
300 _a368ص
_c22 Cm.(B.b)
500 _aدو حصہ
942 _2ddc
_cUR
_h270
_mم ح م
_e
999 _c147111
_d147111